The architectural development of Al-Aqsa mosque in islamic Jerusalem in the early islamic period : sacred architecture in hte shape of "The Holy" /
محفوظ في:
| المؤلف الرئيسي: | |
|---|---|
| التنسيق: | أطروحة |
| اللغة: | English |
| منشور في: |
Glasgow, United kingdom : Department of Architecture and Building Science, University of Strathclyde,
2002
|
| الموضوعات: | |
| الوسوم: |
إضافة وسم
لا توجد وسوم, كن أول من يضع وسما على هذه التسجيلة!
|
| LEADER | 013250000a22002530004500 | ||
|---|---|---|---|
| 008 | 131121n2002 enk g 001 0 eng d | ||
| 040 | |a UIAM |b eng | ||
| 050 | 0 | 0 | |a NA5978.J4 |
| 100 | 1 | |a Al-Ratrout, Haithem Fathi | |
| 245 | 1 | 4 | |a The architectural development of Al-Aqsa mosque in islamic Jerusalem in the early islamic period : |b sacred architecture in hte shape of "The Holy" / |c Haithem Fathi Al-Ratrout |
| 260 | |a Glasgow, United kingdom : Department of Architecture and Building Science, University of Strathclyde, |c 2002 | ||
| 500 | |a "A theses submitted for the degree of Doctor of Philosophy in Architecture and Building Science."--On t.p. | ||
| 502 | |a Thesis (Ph. D.) -- University of Strathclyde, 2002. | ||
| 504 | |a Includes bibliographical references (p. 513-548). | ||
| 596 | |a 1 | ||
| 610 | 2 | 0 | |a Masjid al-Aqsa (Jerusalem) |
| 650 | 0 | |a Islamic architecture |z Jerusalem | |
| 650 | 0 | |a Sacred space |z Jerusalem | |
| 651 | 0 | |a Jerusalem |x Buildings, structures, etc. | |
| 655 | 0 | 7 | |a Theses, Facsimile edition (Islamic). |
| 710 | 2 | |a University of Strathclyde. |b Department of Architecture and Building Science | |
| 900 | |a oc-rus-to a jt | ||
| 999 | |c 435553 |d 464678 | ||
| 952 | |0 0 |6 TI NA 5978 J4 R236A 2002 |7 0 |8 THESES |9 754744 |a IIUM |b IIUM |c MULTIMEDIA |g 640.00 |o ti NA 5978 J4 R236A 2002 |p 00011202347 |r 2017-10-23 |t 1 |v 640.00 |y THESIS | ||
